Statystyki dla Teksty piosenek sanah

Kliknij tutaj aby rozwiązać quiz!

Ogólne statystyki

  • Ten quiz został rozwiązany 488 razy
  • Średni wynik to 4 z 9

Statystyki odpowiedzi

Fragment utworu:Tytuł utworu:% Poprawnych
"Tańcz ze mną"Szary świat
87%
"Deja vu"Oczy
78%
"Życie moje było snem"Sen we śnie
45%
"Zorze polarne"Pożal się Boże
30%
"Słodko tak mija czas"Warcaby
30%
"Pewnie nie raz, będzie mi żal"Idź
26%
"A ciszy tyle"Róże
23%
"Wzięłam co się da"Bez słów
22%
"Nie pozwól mu uciec"Piękno tej niechcianej
11%

Rozkład punktacji

Percentyl według liczby udzielonych odpowiedzi

Procent ludzi z każdym wynikiem

Twoja historia wyników

Nie rozwiązałeś tego quizu